000 00540nam a22001817a 4500
003 OSt
005 20260530140236.0
008 260530b |||||||| |||| 00| 0 eng d
020 _a978-93-69147-27-4
040 _cSBCL
082 _a371.26
_bJOO-L
100 _aJoon, Sanjeev
245 _aLogical Reasoning Analytical Ability and General Mental Ability
260 _aNew Delhi
_bCareer Launcher Infrastructure
_c2026
630 _xSocial sciences
650 _aEducation
_aSchools & their activities; special education
942 _cBOOK
999 _c138309
_d138309